00844naa a2200277 a 450000100080000000500110000800800410001910000170006024501150007726000090019265000200020165000110022165000210023265300230025365300240027670000180030070000250031870000210034370000220036470000180038670000170040470000220042170000200044370000280046377300750049121485882023-01-30 2022 bl uuuu u00u1 u #d1 aGODOY, I. J. a'IAC SEMPRE VERDE'ba wild-derived peanut cultivar highly resistant to foliar diseases.h[electronic resource] c2022 aFoliar diseases aYields aArachis Hypogaea aArachis cardenasii aOrganic cultivation1 aSANTOS, J. F.1 aMORETZSOHN, M. de C.1 aMORAES, A. R. A.1 aMICHELOTTO, M. D.1 aBOLONHEZI, D.1 aNAKAYAMA, F.1 aFREITAS, R. S. de1 aBERTIOLI, D. J.1 aLEAL-BERTIOLI, S. C. de tCrop Breeding and Applied Biotechnologygv. 22, n. 3, 2022. e41252232.